Word Ladder: Raining Food Quiz Stats

 Plays Quiz Updated Sep 12, 2017

Challenge
Share
Tweet
Embed
Score 0/22 Timer 02:00
1 Play Today
Clue 4-Letter Word % Correct
Applaud a performerCLAP
97.9%
1996 Clooney movie: 'From Dusk Till ___'DAWN
96.4%
Become dry, like lipsCHAP
95.6%
Lowest value chess piecePAWN
95%
Karate hand maneuverCHOP
94.8%
Horse hooves soundCLOP
93.8%
Lend money temporarilyLOAN
93%
Stock market direction•DOWN•
93%
With 'groan', to complainMOAN
90.1%
HousekeeperMAID
88.1%
Like freshly cut grassMOWN
88%
Clue 4-Letter Word % Correct
To escape is to 'fly the ___'COOP
86.6%
Feeling of physical discomfortPAIN
86.6%
Bird on the Canadian dollarLOON
82.9%
Chief in importanceMAIN
81.7%
Installed like floor tileLAID
81.3%
Coaster featureLOOP
79.7%
Serve, like tea•POUR•
65.4%
Grub or nosh, e.g.•CHOW•
61.7%
Pour kudos onLAUD
59.1%
Forte, on a scoreLOUD
49.5%
Appear sullen, frownLOUR
39.1%

Today's Daily Dose

Word Ladder
Aquatic Life

On This Day
August 21st II

You're not logged in!

Compare scores with friends on all Sporcle quizzes.
Join for Free
OR
Log In

You Might Also Like...

Show Comments

Extras

Top Quizzes Today


Score Distribution

Your Account Isn't Verified!

In order to create a playlist on Sporcle, you need to verify the email address you used during registration. Go to your Sporcle Settings to finish the process.

Report this User

Report this user for behavior that violates our Community Guidelines.

Details: